| 000 | 00981nam a2200265Ia 4500 | ||
|---|---|---|---|
| 003 | OSt | ||
| 005 | 20221005105159.0 | ||
| 006 | a|||||r|||| 00| 0 | ||
| 007 | ta | ||
| 008 | 221004b |||||||| |||| 00| 0 hin d | ||
| 020 |
_a9788178757901 (hbk) _cINR 700.00 |
||
| 024 | _a37616 | ||
| 037 |
_b65, 13/03/2018, P. K. Books _cTextual |
||
| 040 |
_aCRL _cCRL _bhin |
||
| 041 |
_2hin _ahin |
||
| 082 | _aY:45151, 152Q7 | ||
| 100 | _aबैनर्जी, सारदा, ले. | ||
| 245 | 0 |
_aबलात्कार _b संस्कृति और स्त्रीवाद |
|
| 246 | _aBalātkāra: sanskṛuti aur strīvāda | ||
| 260 |
_aनई दिल्ली _bअनामिका पब्लिशर्स भारत _c2017 |
||
| 300 |
_a271पृ0 _ccm. |
||
| 650 | _aनारी | ||
| 942 |
_hY:45151, 152Q7 _cTEXL _2cc |
||
| 999 |
_c1015024 _d1015024 |
||